[Event "London Classic Open 2019"]
[Site "London ENG"]
[Date "2019.12.02"]
[Round "5.67"]
[White "Thatte, Nishchal"]
[Black "Phillips, Owen S"]
[Result "1-0"]
[WhiteElo "1711"]
[BlackElo "1902"]
[WhiteFideId "447234"]
[BlackFideId "417882"]
[EventDate "2019.11.29"]

1. e4 c6 2. d4 d6 3. f4 g6 4. Nf3 Bg7 5. Nc3 Nd7 6. Bd3 a6 7. O-O b5 8. a3 c5 9.
d5 c4 10. Be2 Qb6+ 11. Kh1 Ngf6 12. Qe1 Ng4 13. Bd1 Bb7 14. h3 Ngf6 15. Be3 Qc7
16. Bd4 O-O 17. Qh4 Nc5 18. Nd2 Ne8 19. Bxg7 Nxg7 20. f5 f6 21. Qh6 g5 22. h4
Nd7 23. hxg5 fxg5 24. Qxg5 Rf6 25. Rf3 h6 26. Qe3 Ne5 27. Rg3 Kf7 28. Nf3 Rg8
29. Nd4 Qc5 30. Ne6 Qxe3 31. Rxe3 Nxe6 32. fxe6+ Kf8 33. Be2 Ng4 34. Bxg4 Rxg4
35. Rf3 Rxf3 36. gxf3 Rg3 37. Rf1 h5 38. Ne2 Rg7 39. Nd4 h4 40. Kh2 Rg5 41. Kh3
Rg3+ 42. Kxh4 Rg2 43. Rd1 a5 44. Kh3 Rg5 45. Nxb5 Bc8 46. a4 1-0

[Event "London Classic Open 2019"]
[Site "London ENG"]
[Date "2019.12.02"]
[Round "5.68"]
[White "Saidmurodov, Shahjahon"]
[Black "Lim, Kai Jun"]
[Result "1-0"]
[WhiteElo "1782"]
[BlackElo "1356"]
[WhiteFideId "448150"]
[BlackFideId "5819296"]
[EventDate "2019.11.29"]

1. d4 Nf6 2. Bf4 g6 3. e3 Bg7 4. h4 O-O 5. Bd3 d6 6. h5 Nxh5 7. Rxh5 gxh5 8.
Qxh5 f5 9. Nc3 Nd7 10. Nf3 Nf6 11. Qh4 c6 12. O-O-O Qe8 13. g4 Nxg4 14. Rg1 e5
15. dxe5 Nxe5 16. Nxe5 dxe5 17. Bc4+ Kh8 18. Rxg7 Kxg7 19. Qh6+ Kh8 20. Bxe5+ 1-0

[Event "London Classic Open 2019"]
[Site "London ENG"]
[Date "2019.12.02"]
[Round "5.69"]
[White "Rahman, Yad"]
[Black "Covey, Jason"]
[Result "0-1"]
[WhiteElo "1303"]
[BlackElo "1773"]
[WhiteFideId "467626"]
[BlackFideId "430986"]
[EventDate "2019.11.29"]

1. d4 e6 2. c4 Nf6 3. Nc3 Bb4 4. Qc2 b6 5. e4 c5 6. d5 Bxc3+ 7. bxc3 d6 8. Bd3
Nbd7 9. Nf3 O-O 10. O-O Re8 11. Bg5 h6 12. Bh4 Nf8 13. Rfe1 Ng6 14. Bxf6 Qxf6
15. Rad1 Nf4 16. Bf1 exd5 17. cxd5 Bg4 18. Re3 Nh3+ 19. Kh1 Rxe4 20. Rxe4 Bxf3
21. gxf3 Qxf3+ 22. Bg2 Qxd1+ 23. Qxd1 Nxf2+ 24. Kg1 Nxd1 25. c4 Nc3 26. Re7 Nxa2
27. Rd7 Nb4 28. Rxd6 Nd3 29. Be4 Ne5 0-1

[Event "London Classic Open 2019"]
[Site "London ENG"]
[Date "2019.12.02"]
[Round "5.71"]
[White "Zhao, Haolin"]
[Black "Mohnblatt, Daniel"]
[Result "1/2-1/2"]
[WhiteElo "1842"]
[BlackElo "1688"]
[WhiteFideId "428680"]
[BlackFideId "648582"]
[EventDate "2019.11.29"]

1. e4 Nf6 2. e5 Nd5 3. d4 d6 4. Nf3 dxe5 5. Nxe5 c6 6. Bc4 Nd7 7. Nd3 N7f6 8.
O-O Bg4 9. f3 Bh5 10. Nf4 Nxf4 11. Bxf4 e6 12. c3 Bd6 13. Bxd6 Qxd6 14. Nd2 O-O
15. Qe2 Rae8 16. Ne4 Nxe4 17. Qxe4 Bg6 18. Qe2 e5 19. Qf2 exd4 20. Qxd4 Qxd4+
21. cxd4 Rd8 22. Rad1 Rd6 23. Rd2 Rfd8 24. Rfd1 Kf8 25. Kf2 f6 26. a4 Bf7 27. b3
a6 28. Ke3 b5 29. axb5 cxb5 30. Bxf7 Kxf7 31. Rc1 Ke6 32. Rc5 g5 33. Ke4 Rd5 34.
Rc6+ R8d6 35. Rc1 f5+ 36. Ke3 h6 1/2-1/2

[Event "London Classic Open 2019"]
[Site "London ENG"]
[Date "2019.12.02"]
[Round "5.72"]
[White "Jekel, Wolfgang"]
[Black "Chidichimo, Pedro Jose Maria"]
[Result "0-1"]
[WhiteElo "1662"]
[BlackElo "1831"]
[WhiteFideId "4690370"]
[BlackFideId "24545252"]
[EventDate "2019.11.29"]

1. f4 d5 2. Nf3 Nc6 3. g3 h5 4. h3 Nf6 5. Bg2 Ne4 6. O-O Nxg3 7. Re1 Qd6 8. d3
g6 9. e3 Bg7 10. c3 O-O 11. Kh2 Nf5 12. d4 Bf6 13. Ne5 Bh4 14. Rg1 Bg3+ 15. Kh1
Bf2 16. b3 Bxg1 17. Kxg1 Nh4 18. Ba3 Qf6 19. Bxd5 Bxh3 20. Kh2 Bc8 21. Nd2 Nf5
22. Qe1 Nxe5 23. fxe5 Qg5 24. e4 Ne3 25. Qe2 Qh4+ 26. Kg1 Qg3+ 27. Kh1 Bg4 28.
Qh2 Qxh2+ 29. Kxh2 Nc2 30. Bb2 Nxa1 31. Bxa1 c6 32. Bc4 b5 33. Bd3 f6 34. exf6
Rxf6 35. e5 Rf2+ 0-1

[Event "London Classic Open 2019"]
[Site "London ENG"]
[Date "2019.12.02"]
[Round "5.73"]
[White "Volovich, Julia"]
[Black "Haddock, Paul"]
[Result "1-0"]
[WhiteElo "1753"]
[BlackElo "1481"]
[WhiteFideId "447099"]
[BlackFideId "419150"]
[EventDate "2019.11.29"]

1. d4 Nf6 2. c4 g6 3. Nc3 Bg7 4. e4 d6 5. Nf3 O-O 6. Be2 e5 7. O-O Nc6 8. d5 Ne7
9. Ne1 Ne8 10. Be3 f5 11. f3 f4 12. Bf2 g5 13. a4 Ng6 14. c5 Nf6 15. a5 a6 16.
cxd6 cxd6 17. Na4 Nd7 18. Nb6 Nxb6 19. Bxb6 Qf6 20. Rc1 Rf7 21. Rc3 h5 22. Qc2
Bd7 23. Rc7 g4 24. Rxb7 g3 25. h3 Rc8 26. Rc7 Rcf8 27. Bxa6 Nh4 28. Bc8 Bb5 29.
Be6 Bxf1 30. Rxf7 Rxf7 31. Kxf1 Kh7 32. Bxf7 Qxf7 33. Qc7 Qe8 34. Qc6 Qb8 35. a6 1-0

[Event "London Classic Open 2019"]
[Site "London ENG"]
[Date "2019.12.02"]
[Round "5.74"]
[White "Bansal, Saahil"]
[Black "Chatterjee, Sagnik"]
[Result "1-0"]
[WhiteElo "1751"]
[BlackElo "1438"]
[WhiteFideId "438316"]
[BlackFideId "64300455"]
[EventDate "2019.11.29"]

1. d4 Nf6 2. c4 c5 3. Nf3 e6 4. g3 Nc6 5. Bg2 Be7 6. O-O O-O 7. d5 exd5 8. cxd5
Nb4 9. d6 Bxd6 10. a3 Qa5 11. Qxd6 Nc2 12. Ra2 Nb4 13. Bd2 Qa6 14. Qxa6 Nxa6 15.
Nc3 d5 16. Bg5 Be6 17. Bxf6 gxf6 18. Raa1 Rfe8 19. Nh4 Nc7 20. f4 f5 21. Bh3 d4
22. Na4 Bc4 23. Nxc5 Bxe2 24. Rfe1 d3 25. Kf2 Rad8 26. Nxb7 Rd7 27. Nxf5 Ne6 28.
Nfd6 Rb8 29. Bf1 Nd4 30. Bxe2 dxe2 31. Rac1 Rbxb7 32. Nxb7 Rxb7 33. Rc4 Rd7 34.
Ke3 Nf5+ 35. Kxe2 Nd4+ 36. Kf2 Nb3 37. Rc3 Na5 38. Re5 Nb7 39. Rb5 Nd6 40. Rb4
f5 41. Ke3 a5 42. Rd4 Re7+ 43. Kf3 Kf7 1-0

[Event "London Classic Open 2019"]
[Site "London ENG"]
[Date "2019.12.03"]
[Round "6.1"]
[White "Gordon, Stephen J"]
[Black "Aravindh, Chithambaram VR."]
[Result "0-1"]
[WhiteTitle "GM"]
[BlackTitle "GM"]
[WhiteElo "2505"]
[BlackElo "2605"]
[WhiteFideId "411477"]
[BlackFideId "5072786"]
[EventDate "2019.11.29"]

1. Nf3 Nf6 2. c4 g6 3. Nc3 d5 4. cxd5 Nxd5 5. Qb3 Nb6 6. d4 Bg7 7. Bf4 Be6 8.
Qa3 c5 9. Qxc5 Nc6 10. e4 Rc8 11. Qa3 Nxd4 12. O-O-O O-O 13. Be3 Nc4 14. Bxc4
Rxc4 15. Nxd4 Bxd4 16. Bxd4 Rxd4 17. Qxa7 b6 18. f3 Bc4 19. b3 Bd3 20. Rd2 Qd6
21. Kb2 Bxe4 22. Rxd4 Qxd4 23. fxe4 Qd2+ 24. Kb1 Qxc3 25. Qd7 Qe3 26. Qxe7 Qd3+
27. Ka1 Qc3+ 28. Kb1 Rc8 29. Qb7 Qd3+ 30. Ka1 Qd4+ 31. Kb1 Rc5 32. h4 Qd3+ 33.
Ka1 Qc3+ 34. Kb1 Qc2+ 35. Ka1 Ra5 0-1

[Event "London Classic Open 2019"]
[Site "London ENG"]
[Date "2019.12.03"]
[Round "6.2"]
[White "Petrov, Martin"]
[Black "Praggnanandhaa, R"]
[Result "0-1"]
[WhiteTitle "IM"]
[BlackTitle "GM"]
[WhiteElo "2497"]
[BlackElo "2586"]
[WhiteFideId "2911086"]
[BlackFideId "25059530"]
[EventDate "2019.11.29"]

1. e4 e5 2. Nf3 Nc6 3. Bc4 Nf6 4. d3 Bc5 5. O-O O-O 6. c3 d6 7. Nbd2 h6 8. Re1
a6 9. a4 a5 10. h3 Be6 11. Bb5 Na7 12. Bc4 Nc6 13. Bb5 Ne7 14. d4 exd4 15. Nxd4
Bd7 16. Bxd7 Nxd7 17. Nf1 Ng6 18. Ng3 Re8 19. Ndf5 Nf6 20. Qc2 d5 21. Be3 Bxe3
22. Rxe3 dxe4 23. Nxe4 Nd5 24. Ree1 Re5 25. Neg3 Qf6 26. Rxe5 Qxe5 27. Qe4 Qxe4
28. Nxe4 Re8 29. Neg3 Ngf4 30. Rd1 Nb6 31. b3 Nfd5 32. c4 Nf6 33. Ne3 g6 34. c5
Nbd7 35. Ng4 Kg7 36. Nxf6 Nxf6 37. Kf1 Re5 38. Rc1 c6 39. Rc4 Nd7 40. Ne4 f5 41.
Rd4 Re7 42. Nd2 Nxc5 43. b4 axb4 44. Rxb4 Rd7 45. Ke2 Nd3 46. Rc4 Nxf2 47. Kxf2
Rxd2+ 48. Kf3 Kf6 49. Rb4 Rd7 50. a5 Ke5 0-1

[Event "London Classic Open 2019"]
[Site "London ENG"]
[Date "2019.12.03"]
[Round "6.3"]
[White "Smirnov, Anton"]
[Black "Gormally, Daniel W"]
[Result "1-0"]
[WhiteTitle "GM"]
[BlackTitle "GM"]
[WhiteElo "2573"]
[BlackElo "2491"]
[WhiteFideId "3208923"]
[BlackFideId "406465"]
[EventDate "2019.11.29"]

1. e4 c5 2. Nf3 d6 3. d4 cxd4 4. Nxd4 Nf6 5. Nc3 a6 6. Be3 e6 7. Qf3 Nbd7 8. Be2
Qc7 9. a4 b6 10. Qg3 Bb7 11. f3 Be7 12. Qxg7 Rg8 13. Qh6 Rxg2 14. Qh3 Rg6 15.
O-O-O Nc5 16. Kb1 O-O-O 17. Nb3 Kb8 18. Qf1 Qc6 19. a5 b5 20. e5 Nd5 21. Nxd5
exd5 22. exd6 Bxd6 23. Bd3 Nxd3 24. Qxd3 Re8 25. Qd4 Rg2 26. Rd2 Rxd2 27. Bxd2
Qc4 28. Qf6 Be5 29. Qxf7 Rc8 30. Qxh7 d4 31. Re1 Bd6 32. f4 Bd5 33. Nc1 b4 34.
b3 Qb5 35. Qd3 Qxa5 36. Qxd4 Qb5 37. Be3 Kc7 1-0

[Event "London Classic Open 2019"]
[Site "London ENG"]
[Date "2019.12.03"]
[Round "6.4"]
[White "Moussard, Jules"]
[Black "Cherniaev, Alexander"]
[Result "1-0"]
[WhiteTitle "GM"]
[BlackTitle "GM"]
[WhiteElo "2600"]
[BlackElo "2428"]
[WhiteFideId "642908"]
[BlackFideId "4117301"]
[EventDate "2019.11.29"]

1. e4 c5 2. Nf3 Nc6 3. Bb5 e6 4. O-O Nge7 5. Re1 Nd4 6. Nxd4 cxd4 7. d3 a6 8.
Ba4 b5 9. Bb3 Bb7 10. Nd2 Nc6 11. Qg4 h5 12. Qe2 Bc5 13. Nf3 Qb6 14. Bd2 f6 15.
c3 g5 16. Rac1 g4 17. Nxd4 Nxd4 18. cxd4 Bxd4 19. Bf4 Ke7 20. Bc7 Qa7 21. e5
fxe5 22. Bxe5 Rhf8 23. Bg3 Qb6 24. Bxe6 dxe6 25. Rc7+ Kd8 26. Rxb7 Qxb7 27. Qxe6
Bc5 28. Re5 Be7 29. Rd5+ Ke8 30. Qg6+ Rf7 31. Rf5 1-0

[Event "London Classic Open 2019"]
[Site "London ENG"]
[Date "2019.12.03"]
[Round "6.5"]
[White "Bates, Richard A"]
[Black "Maze, Sebastien"]
[Result "1/2-1/2"]
[WhiteTitle "IM"]
[BlackTitle "GM"]
[WhiteElo "2342"]
[BlackElo "2541"]
[WhiteFideId "403555"]
[BlackFideId "613762"]
[EventDate "2019.11.29"]

1. d4 Nf6 2. Nf3 g6 3. g3 Bg7 4. c4 O-O 5. Bg2 d6 6. O-O Nbd7 7. Nc3 e5 8. e4 c6
9. Rb1 a6 10. h3 b5 11. cxb5 cxb5 12. b4 Bb7 13. Re1 Rc8 14. Bb2 Re8 15. d5 Nb6
16. a4 bxa4 17. Nxa4 Bh6 18. Bf1 Re7 19. Ba3 Nxa4 20. Qxa4 Rc3 21. Rb3 Rec7 22.
Bb2 Rxb3 23. Qxb3 Qa8 24. Qd3 Qe8 25. Nd2 Bxd2 26. Qxd2 Qc8 27. Qe3 Rc2 28. Rb1
Qd7 29. Bd3 Rc7 30. Qg5 Ne8 31. Rc1 Bc8 32. Bf1 f6 33. Rxc7 Qxc7 34. Qc1 Qb7 35.
Qc4 Nc7 36. Bc1 Bd7 37. Be3 Bb5 38. Qc3 Bxf1 39. Kxf1 Kf7 40. Kg2 Ke7 41. f4 Kd7
42. fxe5 fxe5 43. Qc4 Qb5 44. Qxb5+ Nxb5 45. Kf3 Ke7 1/2-1/2

[Event "London Classic Open 2019"]
[Site "London ENG"]
[Date "2019.12.03"]
[Round "6.6"]
[White "Grover, Sahaj"]
[Black "Gschnitzer, Adrian"]
[Result "1/2-1/2"]
[WhiteTitle "GM"]
[BlackTitle "FM"]
[WhiteElo "2508"]
[BlackElo "2422"]
[WhiteFideId "5021103"]
[BlackFideId "1270337"]
[EventDate "2019.11.29"]

1. e4 c6 2. d4 d5 3. e5 c5 4. dxc5 e6 5. Be3 Nh6 6. f4 Nc6 7. Nf3 Nf5 8. Bf2
Qa5+ 9. Qd2 Bxc5 10. Qxa5 Bxf2+ 11. Kxf2 Nxa5 12. Bd3 Ne7 13. Nbd2 Bd7 14. Nb3
b6 15. Nxa5 bxa5 16. Nd4 Rb8 17. Nb3 Bb5 18. Rab1 Nc6 19. Bxb5 Rxb5 20. Rhd1 Ke7
21. c3 Rhb8 22. Rd2 a4 23. Nd4 Nxd4 24. cxd4 Kd7 25. Ke3 a5 26. Kd3 a3 27. b3 a4
28. Kc2 Rc8+ 29. Kd3 Rcb8 30. Kc2 Rc8+ 31. Kd3 Rb4 32. Rdd1 axb3 33. axb3 a2 34.
Rb2 Rcc4 35. Rxa2 Rxd4+ 36. Kc3 Rxd1 37. Kxb4 Rd4+ 38. Kc5 Rxf4 39. Ra7+ Kc8 40.
Kc6 Kb8 41. Rb7+ Kc8 42. Ra7 Kb8 43. Rb7+ Kc8 44. Re7 Kd8 45. Rd7+ Kc8 46. Ra7
Kb8 1/2-1/2

[Event "London Classic Open 2019"]
[Site "London ENG"]
[Date "2019.12.03"]
[Round "6.7"]
[White "Song, Raymond"]
[Black "McDonald, Neil"]
[Result "1-0"]
[WhiteTitle "IM"]
[BlackTitle "GM"]
[WhiteElo "2468"]
[BlackElo "2412"]
[WhiteFideId "3203824"]
[BlackFideId "400629"]
[EventDate "2019.11.29"]

1. d4 d5 2. c4 e6 3. Nf3 Nf6 4. g3 Be7 5. Bg2 O-O 6. O-O dxc4 7. Qc2 a6 8. a4
Bd7 9. Qxc4 Bc6 10. Bg5 a5 11. Nc3 Nbd7 12. Rfd1 h6 13. Bxf6 Nxf6 14. Rac1 Bb4
15. Ne5 Bxg2 16. Kxg2 c6 17. Nd3 Qe7 18. e3 Rfd8 19. Qb3 b6 20. Na2 c5 21. Naxb4
cxb4 22. Qc4 Qb7+ 23. Qc6 Qa6 24. Ne5 Nd5 25. Qc4 Qb7 26. Kg1 Rac8 27. Nc6 Rd7
28. Qb5 Rdc7 29. Nxa5 Rxc1 30. Nxb7 Rxd1+ 31. Kg2 Rd2 32. Nd6 Rd8 33. Nc4 Rc2
34. b3 f5 35. h4 Kh7 36. h5 Rf8 37. Qd7 Nf6 38. Qe7 Re8 39. Qf7 Kh8 40. Nd6 Rd8
41. Qxe6 Rxd6 42. Qxd6 Rxf2+ 43. Kg1 Ne4 44. Qxb4 Rf3 45. Qxb6 Rxg3+ 46. Kf1
Rf3+ 47. Ke2 Rf2+ 48. Kd3 Rd2+ 49. Kc4 Rc2+ 50. Kb4 Nf6 51. Qd8+ Kh7 52. a5 Rc6
53. Kb5 Rc3 54. b4 Rxe3 55. a6 Ra3 56. Qc8 1-0

[Event "London Classic Open 2019"]
[Site "London ENG"]
[Date "2019.12.03"]
[Round "6.9"]
[White "Arkell, Keith C"]
[Black "Vaishali, R"]
[Result "1/2-1/2"]
[WhiteTitle "GM"]
[BlackTitle "WGM"]
[WhiteElo "2445"]
[BlackElo "2376"]
[WhiteFideId "400270"]
[BlackFideId "5091756"]
[EventDate "2019.11.29"]

1. d4 Nf6 2. Nf3 g6 3. c4 Bg7 4. Nc3 d5 5. cxd5 Nxd5 6. g3 O-O 7. Bg2 Nb6 8. O-O
Nc6 9. e3 e5 10. Nxe5 Nxe5 11. dxe5 Bxe5 12. Qc2 c6 13. b3 Qe7 14. Bb2 Rd8 15.
Rac1 a5 16. Rfd1 Bg4 17. f3 Be6 18. Ne4 Bf5 19. Bxe5 Qxe5 20. Qc3 Qxc3 21. Nxc3
Rxd1+ 22. Rxd1 a4 23. b4 a3 24. e4 Be6 25. Rd3 Na4 26. Nb1 Bxa2 27. Nxa3 Nb2 28.
Rd2 Nc4 29. Nxc4 Bxc4 30. Kf2 Ra3 31. Rc2 Bb5 32. Rb2 f6 33. f4 Kf7 34. Bh3 Bd3
35. e5 fxe5 36. fxe5 Bf5 37. Bg2 Ke6 38. b5 Rc3 39. Bxc6 b6 40. Rb4 Kxe5 41. g4
Bd3 42. h4 Rc4 43. Rb3 Be4 44. Bxe4 Kxe4 45. Kg3 Rd4 46. Rb1 Rd3+ 47. Kg2 Rd2+
48. Kg3 Rd3+ 49. Kg2 Rd2+ 1/2-1/2

[Event "London Classic Open 2019"]
[Site "London ENG"]
[Date "2019.12.03"]
[Round "6.10"]
[White "Hebden, Mark L"]
[Black "Beinoras, Mindaugas"]
[Result "1-0"]
[WhiteTitle "GM"]
[BlackTitle "IM"]
[WhiteElo "2436"]
[BlackElo "2350"]
[WhiteFideId "400084"]
[BlackFideId "12802085"]
[EventDate "2019.11.29"]

1. d4 d5 2. Nc3 c5 3. e4 dxe4 4. d5 Nf6 5. Bf4 a6 6. Qe2 g6 7. O-O-O Bg4 8. f3
exf3 9. gxf3 Bf5 10. Qe3 Bg7 11. Nge2 Nh5 12. Be5 Bxe5 13. Qxe5 f6 14. Qe3 Qd6
15. Ng3 Qf4 16. Re1 Nd7 17. Nxf5 gxf5 18. Bh3 Qxe3+ 19. Rxe3 Ng7 20. Rg1 Rg8 21.
Bxf5 Nf8 22. Re2 Kf7 23. Reg2 Rd8 24. a4 b6 25. Bd3 Ng6 26. Bxa6 Nf5 27. Re1 Ne5
28. Rf2 Rg7 29. f4 Ng4 30. Rfe2 Kf8 31. Nb5 Nd4 32. Rg2 Nxb5 33. Bxb5 Rg8 34.
Bd3 Nh6 35. Rxg8+ Nxg8 36. Bxh7 Rxd5 37. Bxg8 Kxg8 38. Rxe7 Rd4 39. Re6 Kf7 40.
Rxb6 Rxa4 41. Rc6 Rxf4 42. Rxc5 Rh4 43. Kd2 Rxh2+ 44. Kc3 Ke6 45. Rc6+ Ke5 46.
b4 f5 47. b5 Rh8 48. Kd3 Rh3+ 49. Kc4 f4 50. b6 Rh8 51. Rc7 Kd6 52. Rf7 Rc8+ 53.
Kb5 Rxc2 54. Rxf4 Kd7 55. Rf8 Ra2 56. b7 Rb2+ 57. Ka6 Ra2+ 58. Kb6 Rb2+ 59. Ka7
Ra2+ 60. Kb8 Ra1 61. Rc8 Ra2 62. Rc4 Rd2 63. Ra4 1-0

[Event "London Classic Open 2019"]
[Site "London ENG"]
[Date "2019.12.03"]
[Round "6.11"]
[White "Zapolskis, Antanas"]
[Black "Pert, Richard G"]
[Result "0-1"]
[WhiteTitle "IM"]
[BlackTitle "IM"]
[WhiteElo "2280"]
[BlackElo "2436"]
[WhiteFideId "12800210"]
[BlackFideId "404748"]
[EventDate "2019.11.29"]

1. e4 c6 2. d4 d5 3. e5 Bf5 4. h4 c5 5. dxc5 Nc6 6. Nf3 Bg4 7. c3 e6 8. Bb5 Qc7
9. Be3 Ne7 10. Nbd2 Nf5 11. Bd4 Be7 12. Qa4 O-O 13. Bxc6 bxc6 14. Nh2 h5 15. f3
Ng3 16. fxg4 Nxh1 17. O-O-O Ng3 18. Ndf3 f5 19. gxh5 Ne4 20. Qc2 Bxc5 21. Bxc5
Nxc5 22. g4 Ne4 23. g5 Rab8 24. Nf1 Qa5 25. a3 Rb6 26. a4 c5 27. N3d2 Rfb8 28.
Nxe4 Rxb2 29. Qxb2 Rxb2 30. Kxb2 fxe4 31. Ne3 Qxa4 32. Ra1 Qb5+ 33. Kc1 d4 34.
Nc2 d3 35. Ne3 Qb3 36. Rxa7 Qxc3+ 37. Kd1 Qb3+ 38. Kc1 d2+ 39. Kxd2 Qd3+ 40. Kc1
Qxe3+ 41. Kb1 Qe1+ 42. Kc2 Qe2+ 43. Kc3 Qxh5 0-1

[Event "London Classic Open 2019"]
[Site "London ENG"]
[Date "2019.12.03"]
[Round "6.12"]
[White "Berry, Neil"]
[Black "Kirk, Ezra"]
[Result "0-1"]
[WhiteTitle "FM"]
[BlackTitle "IM"]
[WhiteElo "2250"]
[BlackElo "2433"]
[WhiteFideId "2400650"]
[BlackFideId "600067"]
[EventDate "2019.11.29"]

1. d4 Nf6 2. c4 e6 3. Nf3 d5 4. g3 dxc4 5. Bg2 a6 6. O-O Nc6 7. e3 Rb8 8. Nfd2
Qd7 9. Nxc4 b5 10. Ne5 Nxe5 11. dxe5 Qxd1 12. Rxd1 Nd7 13. Bd2 Nxe5 14. Ba5 Bd6
15. Rxd6 cxd6 16. Bc7 Rb7 17. Bxd6 Rd7 18. Bxe5 Rd1+ 19. Bf1 f6 20. Bc3 b4 21.
Bxb4 a5 22. Bc3 Ba6 23. b3 Rxf1+ 24. Kg2 Rc1 25. Bd4 Bb7+ 26. Kh3 Rc2 27. f4
Bg2+ 28. Kh4 Bf3 29. g4 h5 30. g5 e5 31. Bc3 exf4 32. exf4 Rg2 33. h3 fxg5+ 34.
fxg5 O-O 35. Be5 Re8 0-1

[Event "London Classic Open 2019"]
[Site "London ENG"]
[Date "2019.12.03"]
[Round "6.13"]
[White "Makkar, Rajat"]
[Black "Merry, Alan B"]
[Result "0-1"]
[WhiteTitle "CM"]
[BlackTitle "IM"]
[WhiteElo "2125"]
[BlackElo "2426"]
[WhiteFideId "36016810"]
[BlackFideId "418811"]
[EventDate "2019.11.29"]

1. d4 Nf6 2. c4 e6 3. g3 d5 4. Nf3 Bb4+ 5. Bd2 Bd6 6. Bg2 O-O 7. O-O Nbd7 8. Qc2
c6 9. a4 a5 10. Rc1 Qe7 11. Na3 Ne4 12. Ne1 Nxd2 13. Qxd2 f5 14. e3 Nf6 15. Nd3
Bd7 16. cxd5 exd5 17. Nc2 Ne4 18. Qe2 g5 19. Re1 Kh8 20. f3 Nf6 21. f4 Rg8 22.
Ne5 Rg7 23. Rf1 Rag8 24. Ne1 Be6 25. N1f3 h6 26. Qd2 Bb4 27. Qe2 Qe8 28. Nd3 Bd6
29. Nfe5 Ne4 30. Rac1 Bc8 31. Qe1 gxf4 32. exf4 h5 33. Nf3 Be7 34. Rc2 b6 35.
Nfe5 c5 36. dxc5 Qxa4 37. Qe2 bxc5 38. Rfc1 Qd4+ 39. Kh1 c4 40. Nf2 Nxf2+ 41.
Qxf2 Qxf2 42. Rxf2 Bb7 43. Rd1 h4 44. Bxd5 Rd8 45. Rfd2 Bb4 46. Rd4 Bc5 47. R4d2
Be3 48. Bxb7 Rxd2 49. Rxd2 Bxd2 50. Bc8 hxg3 51. hxg3 c3 52. bxc3 Bxc3 53. Nd3
a4 54. Kg2 a3 55. Nc1 Re7 56. Kf3 Bd4 57. Bxf5 Re3+ 58. Kg4 Re1 59. Na2 Re2 60.
Nc1 a2 61. Nxe2 a1=Q 62. Nxd4 Qxd4 63. Kf3 Kg7 64. Be4 Kf6 65. g4 Qd1+ 66. Kg3
Qg1+ 67. Bg2 Qe3+ 68. Bf3 Kg6 69. g5 Kf5 70. g6 Qxf4+ 71. Kg2 Kxg6 0-1

[Event "London Classic Open 2019"]
[Site "London ENG"]
[Date "2019.12.03"]
[Round "6.14"]
[White "Percivaldi, Martin"]
[Black "Lee, Qing Aun"]
[Result "1-0"]
[WhiteTitle "IM"]
[BlackTitle "FM"]
[WhiteElo "2384"]
[BlackElo "2228"]
[WhiteFideId "1508148"]
[BlackFideId "5804167"]
[EventDate "2019.11.29"]

1. c4 e6 2. Nf3 Nf6 3. g3 d5 4. Bg2 Be7 5. d4 O-O 6. O-O dxc4 7. Ne5 c5 8. dxc5
Qc7 9. Nxc4 Qxc5 10. b3 Rd8 11. Nbd2 Qc7 12. Bb2 Nc6 13. Rc1 Bd7 14. e4 Nb4 15.
e5 Ne8 16. Qh5 g6 17. Qh6 Bc6 18. Bxc6 Qxc6 19. Nd6 Qd5 20. N2e4 Bf8 21. Qh4
Bxd6 22. exd6 Qf5 23. Rc7 g5 24. Qh5 Ng7 25. Qxg5 Qxg5 26. Nxg5 Nf5 27. Nxf7 Re8
28. d7 Re7 29. Rc8+ 1-0

[Event "London Classic Open 2019"]
[Site "London ENG"]
[Date "2019.12.03"]
[Round "6.15"]
[White "Taylor, Adam C"]
[Black "Russell, Christopher"]
[Result "1/2-1/2"]
[WhiteTitle "IM"]
[WhiteElo "2371"]
[BlackElo "2190"]
[WhiteFideId "424668"]
[BlackFideId "413569"]
[EventDate "2019.11.29"]

1. Nf3 Nf6 2. c4 e6 3. g3 d5 4. Bg2 Be7 5. O-O O-O 6. b3 b6 7. Bb2 c5 8. e3 Nbd7
9. Nc3 Ba6 10. Qe2 h6 11. Rfd1 Qc8 12. Rac1 Rd8 13. d4 dxc4 14. bxc4 cxd4 15.
Nxd4 Bb7 16. Nd5 exd5 17. Nf5 Bc5 18. cxd5 Qb8 19. e4 Re8 20. Qf3 Ne5 21. Nxh6+
Kf8 22. Qf4 Neg4 23. Nxg4 Qxf4 24. gxf4 Nxg4 25. Rd2 Nf6 26. e5 Nh5 27. f5 Nf4
28. Bf3 Rad8 29. Rcd1 Nh3+ 30. Kg2 Ng5 31. h4 Nxf3 32. Kxf3 Rd7 33. Ke4 Bb4 34.
Rd4 Bc5 35. R4d2 Bb4 36. Rd4 Bc5 1/2-1/2

[Event "London Classic Open 2019"]
[Site "London ENG"]
[Date "2019.12.03"]
[Round "6.16"]
[White "Seymour, Timothy P"]
[Black "Fodor, Tamas Jr."]
[Result "0-1"]
[BlackTitle "GM"]
[WhiteElo "2107"]
[BlackElo "2533"]
[WhiteFideId "412112"]
[BlackFideId "723762"]
[EventDate "2019.11.29"]

1. e4 e5 2. Nf3 Nc6 3. Bb5 a6 4. Ba4 Nf6 5. O-O b5 6. Bb3 Bc5 7. c3 d6 8. a4 Bb7
9. d3 O-O 10. Na3 Ne7 11. Bg5 Ng6 12. axb5 Bxa3 13. Rxa3 axb5 14. Qa1 h6 15.
Rxa8 Bxa8 16. Bxf6 gxf6 17. Qa7 Qd7 18. Ra1 Kh7 19. Bd5 Bxd5 20. exd5 Nf4 21. c4
Rg8 0-1

[Event "London Classic Open 2019"]
[Site "London ENG"]
[Date "2019.12.03"]
[Round "6.17"]
[White "Clarke, Brandon G I"]
[Black "Walker, Martin G"]
[Result "1-0"]
[WhiteTitle "IM"]
[BlackTitle "FM"]
[WhiteElo "2431"]
[BlackElo "2162"]
[WhiteFideId "400319"]
[BlackFideId "410969"]
[EventDate "2019.11.29"]

1. e4 Nf6 2. e5 Nd5 3. d4 d6 4. Nf3 dxe5 5. Nxe5 e6 6. Be2 Nd7 7. Nf3 Be7 8. O-O
O-O 9. c4 N5f6 10. Bf4 b6 11. Nc3 Bb7 12. Qd3 a6 13. h3 Re8 14. Rad1 Nf8 15. Qc2
Ng6 16. Bh2 Bd6 17. Ne5 Qe7 18. Bf3 Bxf3 19. Nxf3 Bxh2+ 20. Kxh2 Red8 21. Rfe1
c5 22. d5 Qc7+ 23. g3 exd5 24. Nxd5 Nxd5 25. cxd5 Qd6 26. Ng5 Ra7 27. Ne4 Qb8
28. d6 Rad7 29. f4 Qa8 30. h4 h6 31. h5 Nf8 32. Qb3 Re8 33. Rd5 Ne6 34. Re5 Kf8
35. Qd3 Red8 36. b4 Nd4 37. bxc5 bxc5 38. Kh3 Qc8 39. g4 Rxd6 40. Nxd6 Rxd6 41.
Qh7 1-0